Livre à l'auteur n°14 - Statistiques

Statistiques générales
  • Ce quiz a été pris 156 fois
  • Le résultat moyen est 6 sur 14
Statistiques - réponses
Livre Auteur % Correct
Le Bourgeois gentilhomme Molière
97%
La Peste Albert Camus
91%
Les Cigares du pharaon Hergé
79%
La Comédie humaine Honoré de Balzac
75%
La Mare au diable George Sand
66%
Les Mouches Jean-Paul Sartre
60%
L'Utopie Thomas More
43%
Série Le Club des cinq Enid Blyton
34%
Siddhartha Hermann Hesse
23%
Le Cinquième Livre François Rabelais
20%
Le Docteur Faustus Thomas Mann
18%
La Naissance de la tragédie Friedrich Nietzsche
14%
Jours tranquilles à Clichy Henry Miller
10%
Portrait de groupe avec dame Heinrich Böll
5%
Aucun quiz correspondant
Distribution des résultats
% des personnes avec chaque résultat
Percentile par nombre de réponses
Votre historique - résultats
Vous n’avez pas pris ce quiz